[Event "Mistrzostwa Malopolski A"]
[Site "Krakow, Hotel Europejski"]
[Date "2013.??.??"]
[Round "2.15"]
[White "Kondopoulos, Dimitrios"]
[Black "Kasperek, Krzysztof"]
[Result "1/2-1/2"]
[WhiteElo "2031"]
[BlackElo "1810"]
[PlyCount "127"]
[EventDate "2013.??.??"]

1. e4 c5 2. Nf3 Nc6 3. d4 cxd4 4. Nxd4 Nf6 5. Nc3 g6 6. Nxc6 bxc6 7. e5 Ng8 8.
Bc4 d5 9. exd6 Qxd6 10. Qe2 Bg7 11. O-O Nf6 12. h3 O-O 13. Re1 e6 14. Bg5 Bb7
15. Red1 Qc7 16. Na4 Qa5 17. Bxf6 Bxf6 18. Bb3 c5 19. c3 Rac8 20. Qc4 Ba6 21.
Qf4 Bg7 22. Qe3 c4 23. Bc2 Rc7 24. b4 cxb3 25. axb3 Qe5 26. Rd2 Bb5 27. Bd3
Bxa4 28. Rxa4 Rxc3 29. Qxe5 Bxe5 30. Kf1 Rxb3 31. Rxa7 Rd8 32. Ke2 Bd4 33. Raa2
Bxf2 34. Bc4 Rxd2+ 35. Rxd2 Rc3 36. Bxe6 Re3+ 37. Kxf2 Rxe6 38. Rd7 Kg7 39. Kf3
g5 40. Ra7 Kg6 41. g4 Rb6 42. Ra3 h5 43. Rc3 Rf6+ 44. Kg3 h4+ 45. Kg2 Ra6 46.
Rc2 Kf6 47. Rf2+ Ke7 48. Re2+ Re6 49. Ra2 Re3 50. Ra7+ Kf6 51. Ra6+ Re6 52. Ra2
Ke5 53. Re2+ Kd4 54. Rd2+ Ke4 55. Rf2 f6 56. Ra2 Rc6 57. Rf2 Ke3 58. Rf3+ Ke4
59. Rf2 Rd6 60. Re2+ Kf4 61. Rf2+ Ke5 62. Re2+ Kd4 63. Ra2 Rc6 64. Rd2+ 1/2-1/2

[Event "Mistrzostwa Malopolski A"]
[Site "Krakow, Hotel Europejski"]
[Date "2013.??.??"]
[Round "3.1"]
[White "Tokarski, Lukasz"]
[Black "Shilov, Sergej"]
[Result "1-0"]
[WhiteElo "2270"]
[BlackElo "2217"]
[PlyCount "60"]
[EventDate "2013.??.??"]

1. e4 e5 2. Nf3 Nc6 3. Bb5 a6 4. Ba4 d6 5. c3 f5 6. exf5 Bxf5 7. O-O Bd3 8. Re1
Be7 9. Re3 Bg6 10. d4 b5 11. Bb3 e4 12. Bd5 Qd7 13. Bxe4 Bxe4 14. Rxe4 Nf6 15.
Re1 O-O 16. a4 d5 17. Nbd2 Na5 18. Qc2 Bd6 19. b4 Nc4 20. Nxc4 bxc4 21. Ne5
Bxe5 22. dxe5 Rfe8 23. f3 Qe6 24. Bd2 Nd7 25. f4 c5 26. Be3 d4 27. cxd4 cxb4
28. a5 Qd5 29. Ra4 Rab8 30. Rb1 Qb5 1-0

[Event "Mistrzostwa Malopolski A"]
[Site "Krakow, Hotel Europejski"]
[Date "2013.??.??"]
[Round "3.2"]
[White "Tyukhanov, Alexey"]
[Black "Kumor, Lukasz"]
[Result "1-0"]
[WhiteElo "2237"]
[BlackElo "2120"]
[PlyCount "209"]
[EventDate "2013.??.??"]

1. e4 e6 2. b3 d5 3. Bb2 dxe4 4. Nc3 Nf6 5. Qe2 Nc6 6. O-O-O Be7 7. Nxe4 a5 8.
a4 O-O 9. Nf3 b6 10. d4 Ba6 11. Nxf6+ Bxf6 12. Qe4 Bxf1 13. Rhxf1 Nb4 14. Ne5
Rc8 15. f4 Qd5 16. Rfe1 Rfd8 17. c3 Qxe4 18. Rxe4 Nd5 19. c4 Nb4 20. Ba3 Be7
21. Bxb4 Bxb4 22. Nc6 Ba3+ 23. Kc2 Rd7 24. d5 exd5 25. Rxd5 Rxd5 26. cxd5 Kf8
27. Kd3 Re8 28. Ne5 Re7 29. h3 Bd6 30. Nc6 Rxe4 31. Kxe4 Ke8 32. f5 Be7 33. Ne5
Bf6 34. Nc6 Be7 35. Ke5 Kd7 36. g4 Bf6+ 37. Ke4 Be7 38. Ne5+ Ke8 39. Kd3 Bf6
40. Nf3 Kd7 41. g5 Be7 42. h4 Bd6 43. Ke4 Bg3 44. h5 Ke7 45. Nd4 Bf2 46. Nc6+
Kd6 47. Ne5 Ke7 48. f6+ gxf6 49. gxf6+ Ke8 50. Kf5 Bc5 51. Nc4 Kd7 52. Kg4 Bf8
53. Ne5+ Ke8 54. Kf5 Bc5 55. Ke4 Bd6 56. Nf3 Ba3 57. Ng5 h6 58. Kf5 Bb2 59. Ne4
Kd7 60. Nf2 Bc1 61. Nd3 Be3 62. Ne5+ Ke8 63. Ng4 Bd2 64. Ke4 Bg5 65. Ke5 Kd7
66. Kf5 Ke8 67. Ne5 Be3 68. Nc4 Bc5 69. Ke4 Bb4 70. Kd4 Bc5+ 71. Ke5 Kd7 72.
Kf5 Bd4 73. Nd2 Bb2 74. Nf3 Bc3 75. Nh2 Bb4 76. Ng4 Bf8 77. Ke4 Ke8 78. Kd4 Kd7
79. Ne5+ Ke8 80. Ke4 Bd6 81. Nd3 Kd7 82. Nf2 Bc5 83. Ng4 Bf8 84. Kd4 Bc5+ 85.
Kc4 Bf8 86. Ne5+ Ke8 87. Kb5 Bd6 88. Ng4 Bf4 89. Kc6 Kd8 90. d6 cxd6 91. Kxb6
Kd7 92. Kxa5 Kc6 93. Kb4 Kb6 94. Kc4 Kc6 95. b4 d5+ 96. Kd4 Kd6 97. b5 Bc1 98.
Kc3 Kc5 99. Ne5 Bg5 100. Kd3 Kb4 101. b6 Bf4 102. Kd4 Bh2 103. b7 Bg1+ 104.
Kxd5 Ba7 105. Nc6+ 1-0

[Event "Mistrzostwa Malopolski A"]
[Site "Krakow, Hotel Europejski"]
[Date "2013.??.??"]
[Round "3.3"]
[White "Gora, Jan"]
[Black "Mikrut, Dariusz"]
[Result "0-1"]
[WhiteElo "1958"]
[BlackElo "2361"]
[PlyCount "98"]
[EventDate "2013.??.??"]

1. e4 c5 2. Nf3 d6 3. d4 cxd4 4. Nxd4 Nf6 5. Nc3 a6 6. Be3 e5 7. Nb3 Be7 8. f3
Be6 9. Qd2 O-O 10. O-O-O a5 11. Bb5 Na6 12. Kb1 Nc7 13. Bb6 Nd7 14. Bxd7 Qxd7
15. Nc5 Qc6 16. Bxc7 Qxc7 17. Nxe6 fxe6 18. Nb5 Qc6 19. a4 Rfd8 20. Qc3 Qxc3
21. Nxc3 Rac8 22. Rd3 Rc6 23. Nb5 Kf7 24. Rhd1 g6 25. b3 Ke8 26. f4 Rc5 27.
Nxd6+ Bxd6 28. Rxd6 Rxd6 29. Rxd6 exf4 30. Rxe6+ Kf7 31. Rd6 Rh5 32. h3 Rg5 33.
e5 Rxe5 34. Rd7+ Ke6 35. Rxh7 Rg5 36. Kc1 Rxg2 37. Kd1 Rh2 38. Rxb7 Rxh3 39.
Rb5 Re3 40. Kd2 Kf6 41. b4 axb4 42. a5 g5 43. Rxb4 Ra3 44. Rb5 g4 45. Ke2 Rc3
46. Rb2 g3 47. Ra2 f3+ 48. Kf1 Re3 49. Ra1 Re2 0-1

[Event "Mistrzostwa Malopolski A"]
[Site "Krakow, Hotel Europejski"]
[Date "2013.??.??"]
[Round "3.4"]
[White "Bus, Konrad"]
[Black "Jakubiec, Edyta"]
[Result "0-1"]
[WhiteElo "2077"]
[BlackElo "2237"]
[PlyCount "92"]
[EventDate "2013.??.??"]

1. Nf3 d6 2. d4 g6 3. g3 f5 4. Bg2 Bg7 5. O-O Nf6 6. b3 O-O 7. Bb2 Ne4 8. Nbd2
Nxd2 9. Qxd2 Nc6 10. c4 e5 11. dxe5 dxe5 12. Qd5+ Kh8 13. Qxd8 Rxd8 14. Rfd1
Re8 15. Rd2 a5 16. Ne1 e4 17. Bxg7+ Kxg7 18. Nc2 a4 19. b4 Be6 20. Nd4 Nxd4 21.
Rxd4 Red8 22. Rxd8 Rxd8 23. f3 Bxc4 24. fxe4 a3 25. exf5 b5 26. fxg6 hxg6 27.
Be4 Bxe2 28. Rc1 Bc4 29. Rc3 Rd1+ 30. Kf2 Rd2+ 31. Ke3 Rxa2 32. Bd3 Ra1 33.
Bxc4 bxc4 34. Rxc4 a2 35. Rxc7+ Kf6 36. Ra7 Re1+ 37. Kd4 a1=Q+ 38. Rxa1 Rxa1
39. Kc5 Ke6 40. Kc6 Rc1+ 41. Kb6 Rc2 42. h4 Rc3 43. b5 Rxg3 44. Kc7 Rc3+ 45.
Kb7 Rc4 46. b6 Rxh4 0-1

[Event "Mistrzostwa Malopolski A"]
[Site "Krakow, Hotel Europejski"]
[Date "2013.??.??"]
[Round "3.5"]
[White "Szuper, Paul"]
[Black "Ociepka, Tomasz"]
[Result "1-0"]
[WhiteElo "2188"]
[BlackElo "1812"]
[PlyCount "91"]
[EventDate "2013.??.??"]

1. d4 Nf6 2. c4 e6 3. Nc3 Bb4 4. e3 O-O 5. Nge2 d5 6. a3 Be7 7. cxd5 exd5 8. g3
Bg4 9. Bg2 c6 10. h3 Bf5 11. g4 Bg6 12. Ng3 Nfd7 13. O-O Bh4 14. Nce2 Nb6 15.
b3 a5 16. a4 Na6 17. Ba3 Nb4 18. Bxb4 axb4 19. Qd2 Qd6 20. a5 Nd7 21. Ra4 f5
22. Qxb4 Qc7 23. gxf5 Bxf5 24. Nf4 Bxg3 25. fxg3 Nf6 26. g4 Bd7 27. Qc5 Ne4 28.
Bxe4 dxe4 29. Qe5 Qxe5 30. dxe5 g5 31. e6 gxf4 32. exd7 fxe3 33. Rxe4 Rad8 34.
Rxf8+ Kxf8 35. Re8+ Rxe8 36. dxe8=Q+ Kxe8 37. Kf1 Ke7 38. Ke2 Ke6 39. Kxe3 Ke5
40. h4 h6 41. g5 hxg5 42. hxg5 Kf5 43. Kd4 Kxg5 44. Kc5 Kf5 45. Kb6 Ke6 46.
Kxb7 1-0

[Event "Mistrzostwa Malopolski A"]
[Site "Krakow, Hotel Europejski"]
[Date "2013.??.??"]
[Round "3.6"]
[White "Jakubiec, Artur"]
[Black "Molenda, Marcin"]
[Result "1-0"]
[WhiteElo "2531"]
[BlackElo "1823"]
[PlyCount "95"]
[EventDate "2013.??.??"]

1. Nf3 c5 2. e4 Nc6 3. c3 d5 4. exd5 Qxd5 5. d4 Bg4 6. Be2 e6 7. h3 Bh5 8. Be3
cxd4 9. cxd4 Nf6 10. Nc3 Qd6 11. O-O Be7 12. g4 Bg6 13. Ne5 O-O 14. Bf4 Nd5 15.
Nxd5 Qxd5 16. Nxg6 hxg6 17. Be3 Rfd8 18. Bf3 Qb5 19. a4 Qb4 20. Bxc6 bxc6 21.
Qc2 Bf6 22. a5 Rab8 23. Ra4 Qxb2 24. Qxb2 Rxb2 25. Rc1 Rb5 26. Rxc6 Rbd5 27.
Rc5 R5d7 28. Rcc4 Rd5 29. a6 R8d7 30. Rcb4 g5 31. Rb7 Bd8 32. Rab4 Rc7 33. Rb8
Kh7 34. R4b7 Kg6 35. Ra8 Rc6 36. Raxa7 Bb6 37. Ra8 Bxd4 38. Bxd4 Rxd4 39. a7
Rc1+ 40. Kg2 Rf4 41. Rh8 Rc2 42. Rb3 Rfxf2+ 43. Kg3 Rg2+ 44. Kf3 Rcf2+ 45. Ke4
Rf4+ 46. Ke5 Re2+ 47. Kd6 Rd2+ 48. Ke7 1-0

[Event "Mistrzostwa Malopolski A"]
[Site "Krakow, Hotel Europejski"]
[Date "2013.??.??"]
[Round "3.7"]
[White "Zajac, Mateusz"]
[Black "Barski, Radoslaw"]
[Result "0-1"]
[WhiteElo "2060"]
[BlackElo "2238"]
[PlyCount "60"]
[EventDate "2013.??.??"]

1. d4 Nf6 2. c4 g6 3. Nc3 Bg7 4. e4 d6 5. Nf3 O-O 6. Be2 Bg4 7. Be3 Nfd7 8. Qd2
Bxf3 9. gxf3 e5 10. d5 Nf6 11. c5 Nh5 12. cxd6 cxd6 13. Rc1 a6 14. Na4 Nd7 15.
Qb4 b5 16. Nc3 Qf6 17. a4 Nf4 18. axb5 Ng2+ 19. Kd2 Rfb8 20. Ra1 Nxe3 21. fxe3
Bh6 22. h4 Nc5 23. Na4 Nxa4 24. Rxa4 axb5 25. Rxa8 Rxa8 26. Rc1 Bxe3+ 27. Kxe3
Qf4+ 28. Kf2 Qxc1 29. Qxb5 Ra1 30. Bf1 Rb1 0-1

[Event "Mistrzostwa Malopolski A"]
[Site "Krakow, Hotel Europejski"]
[Date "2013.??.??"]
[Round "3.8"]
[White "Chmiel, Marcin"]
[Black "Mucha, Roman"]
[Result "0-1"]
[WhiteElo "1956"]
[BlackElo "2177"]
[PlyCount "96"]
[EventDate "2013.??.??"]

1. d4 f5 2. c4 Nf6 3. g3 g6 4. Bg2 Bg7 5. Nf3 O-O 6. O-O d6 7. Nc3 Nc6 8. d5
Ne5 9. Qb3 Nxf3+ 10. Bxf3 Nd7 11. Be3 Kh8 12. Rad1 Ne5 13. Bg2 c5 14. dxc6 bxc6
15. c5 d5 16. Bd4 Qc7 17. f4 Rb8 18. Nxd5 cxd5 19. Qc3 e6 20. Bxe5 Bxe5 21.
fxe5 a5 22. e4 dxe4 23. Bxe4 Ba6 24. Bd3 Bb7 25. Be2 Rbc8 26. Rc1 Rfd8 27. Bf3
Ba6 28. Rfd1 Rxd1+ 29. Bxd1 Bb7 30. Ba4 Bd5 31. a3 Qa7 32. Qd4 g5 33. Bb5 f4
34. b4 axb4 35. axb4 Qa2 36. Bf1 fxg3 37. hxg3 Rf8 38. Ra1 Qb3 39. Bd3 Rf3 40.
Ra8+ Kg7 41. Ra7+ Kg8 42. Ra8+ Bxa8 43. Qd8+ Rf8 44. Bxh7+ Kxh7 45. Qxf8 Qxg3+
46. Kf1 Qf3+ 47. Qxf3 Bxf3 48. Kf2 Bc6 0-1

[Event "Mistrzostwa Malopolski A"]
[Site "Krakow, Hotel Europejski"]
[Date "2013.??.??"]
[Round "3.9"]
[White "Watorek, Marcin"]
[Black "Knapik, Lucjan"]
[Result "1-0"]
[WhiteElo "2109"]
[BlackElo "1889"]
[PlyCount "84"]
[EventDate "2013.??.??"]

1. d4 d5 2. c4 e6 3. Nc3 c6 4. Nf3 Nf6 5. Bg5 Be7 6. e3 Nbd7 7. Qc2 dxc4 8.
Bxc4 Nd5 9. Bxe7 Qxe7 10. O-O O-O 11. e4 N5b6 12. Bd3 e5 13. Nxe5 Nxe5 14. dxe5
Qxe5 15. f4 Qc5+ 16. Kh1 f5 17. Qb3+ Kh8 18. Rad1 h6 19. e5 Qe7 20. Qc2 Be6 21.
Qf2 Nd5 22. Nxd5 Bxd5 23. a3 b6 24. Qc2 Qe6 25. Rd2 g6 26. Qc3 Kg8 27. Be2 Rfd8
28. Rfd1 Rd7 29. Bf3 Rc8 30. Rxd5 Rxd5 31. Rxd5 cxd5 32. Bxd5 Qxd5 33. Qxc8+
Kf7 34. h3 Qd4 35. Qc7+ Ke6 36. Qc6+ Ke7 37. Qf6+ Ke8 38. Qxg6+ Ke7 39. Qf6+
Ke8 40. Qxf5 Qxb2 41. e6 Qc1+ 42. Kh2 Qd2 1-0

[Event "Mistrzostwa Malopolski A"]
[Site "Krakow, Hotel Europejski"]
[Date "2013.??.??"]
[Round "3.10"]
[White "Klementys, Jerzy"]
[Black "Betkowski, Andrzej"]
[Result "1/2-1/2"]
[WhiteElo "1800"]
[BlackElo "2088"]
[PlyCount "140"]
[EventDate "2013.??.??"]

1. d4 g6 2. c4 f5 3. g3 Nf6 4. Nc3 Bg7 5. Bg2 O-O 6. Nf3 d6 7. O-O Nc6 8. d5
Na5 9. Qd3 e5 10. e4 fxe4 11. Nxe4 Nxe4 12. Qxe4 Bf5 13. Qe2 Bg4 14. Qe4 Bxf3
15. Bxf3 Nxc4 16. Bg4 Nb6 17. h4 Nd7 18. Bg5 Qe8 19. Qc4 Nc5 20. b4 Na6 21.
Rac1 Kh8 22. Be3 c6 23. a3 Nb8 24. Rfd1 Qe7 25. b5 c5 26. a4 Nd7 27. a5 Rae8
28. Qa4 Rd8 29. Re1 Rfe8 30. Rcd1 h5 31. Be6 Nf8 32. Bh3 Kh7 33. Bg5 Bf6 34.
Bc1 Kg7 35. Qe4 g5 36. hxg5 Bxg5 37. Bb2 Qf7 38. Rd3 Qg6 39. Bf5 Qh6 40. f4 Bf6
41. Be6 exf4 42. Bxf6+ Qxf6 43. gxf4 Qg6+ 44. Qxg6+ Kxg6 45. f5+ Kf6 46. Rh3
Nxe6 47. fxe6 Rg8+ 48. Kf2 Rg5 49. Rf3+ Rf5 50. Rxf5+ Kxf5 51. Kg3 Kf6 52. Kh4
Rh8 53. Re2 c4 54. Rc2 Rc8 55. Kxh5 c3 56. Rf2+ Ke5 57. e7 Re8 58. Kg6 Kxd5 59.
Kf7 Rc8 60. e8=Q Rxe8 61. Kxe8 Kc4 62. Rf7 Kxb5 63. Rxb7+ Kxa5 64. Rxa7+ Kb4
65. Rb7+ Kc4 66. Rc7+ Kb3 67. Rb7+ Ka2 68. Ra7+ Kb2 69. Rb7+ Kc1 70. Rd7 c2
1/2-1/2

[Event "Mistrzostwa Malopolski A"]
[Site "Krakow, Hotel Europejski"]
[Date "2013.??.??"]
[Round "3.11"]
[White "Lis, Mateusz"]
[Black "Gawronski, Lukasz"]
[Result "0-1"]
[WhiteElo "1687"]
[BlackElo "2063"]
[PlyCount "74"]
[EventDate "2013.??.??"]

1. e4 c5 2. Nf3 Nc6 3. d4 cxd4 4. Nxd4 Nf6 5. Nc3 e5 6. Ndb5 d6 7. Nd5 Nxd5 8.
exd5 Nb8 9. c4 Be7 10. Be3 O-O 11. Qd2 a6 12. Nc3 f5 13. f3 Nd7 14. Be2 Bh4+
15. g3 f4 16. Bf2 Bg5 17. h4 fxg3 18. hxg5 gxf2+ 19. Kxf2 e4 20. Nxe4 Ne5 21.
Rag1 Bf5 22. Ke1 Rc8 23. b3 b5 24. c5 Bxe4 25. fxe4 Rxc5 26. b4 Rc4 27. g6 hxg6
28. Rg3 Rxe4 29. Kd1 Rff4 30. Rgh3 Qg5 31. Qc3 Rd4+ 32. Ke1 Nc4 33. Rh8+ Kf7
34. Qh3 Rf5 35. Qc3 Re4 36. Ra8 Rxe2+ 37. Kxe2 Qg2+ 0-1

[Event "Mistrzostwa Malopolski A"]
[Site "Krakow, Hotel Europejski"]
[Date "2013.??.??"]
[Round "3.12"]
[White "Kasperek, Krzysztof"]
[Black "Kyc, Jerzy"]
[Result "0-1"]
[WhiteElo "1810"]
[BlackElo "1880"]
[PlyCount "122"]
[EventDate "2013.??.??"]

1. c4 e5 2. Nc3 Nc6 3. Nf3 g6 4. g3 Bg7 5. Bg2 Nge7 6. O-O O-O 7. b3 d6 8. Bb2
h6 9. Nd5 e4 10. Bxg7 exf3 11. Bxh6 fxg2 12. Kxg2 Be6 13. Nxe7+ Qxe7 14. Bxf8
Rxf8 15. d4 d5 16. e4 dxe4 17. d5 Rd8 18. Qc1 Bxd5 19. cxd5 Rxd5 20. Rd1 Nd4
21. Qc4 Qe5 22. Re1 b5 23. Qc1 c5 24. h4 Nf5 25. Qf4 Qxf4 26. gxf4 Nxh4+ 27.
Kh3 Nf5 28. Rxe4 Rd2 29. Kg2 Rc2 30. a4 b4 31. Rae1 Nd4 32. Rb1 Kf8 33. Re5 Rc3
34. Re3 Rc2 35. Re4 a5 36. Re3 Kg7 37. Re7 Rc3 38. Re3 Rc2 39. Re7 Rc3 40. Re3
Rc2 41. Re7 Ne6 42. f5 gxf5 43. Ra7 Ng5 44. Rxa5 Ne4 45. Ra7 Rxf2+ 46. Kg1 Ra2
47. Re1 Kf6 48. a5 Ke5 49. a6 Kf4 50. Rxf7 Ng3 51. Rfe7 Rxa6 52. Kg2 Ra2+ 53.
Kg1 Rb2 54. R7e3 Kg4 55. Re8 f4 56. R8e7 Rxb3 57. R1e6 Kf3 58. Re1 Rc3 59. Rb7
Rc2 60. Re3+ Kxe3 61. Re7+ Ne4 0-1

[Event "Mistrzostwa Malopolski A"]
[Site "Krakow, Hotel Europejski"]
[Date "2013.??.??"]
[Round "3.14"]
[White "Gbyl, Andrzej"]
[Black "Knapik, Andrzej"]
[Result "1-0"]
[WhiteElo "2225"]
[BlackElo "1930"]
[PlyCount "67"]
[EventDate "2013.??.??"]

1. d4 Nf6 2. c4 e6 3. Nf3 b6 4. g3 Ba6 5. Qa4 Be7 6. Bg2 Bb7 7. O-O O-O 8. Nc3
d5 9. Ne5 c6 10. cxd5 exd5 11. Bf4 Nh5 12. Bd2 f6 13. Nd3 f5 14. b4 a6 15. Qb3
Nd7 16. a4 Bf6 17. e3 b5 18. axb5 axb5 19. Nxd5 Rxa1 20. Nxf6+ Kh8 21. Nxh5
Rxf1+ 22. Kxf1 Qe8 23. Nhf4 Nf6 24. Ne5 Ng4 25. Ne6 Nxe5 26. dxe5 Rf7 27. Nc5
Bc8 28. Bc3 Re7 29. h4 h6 30. Bd4 Kh7 31. Bf3 g6 32. Qc2 Be6 33. Nxe6 Rxe6 34.
h5 1-0

[Event "Mistrzostwa Malopolski A"]
[Site "Krakow, Hotel Europejski"]
[Date "2013.??.??"]
[Round "3.15"]
[White "Foglia, Maurizio"]
[Black "Blasiak, Miroslaw"]
[Result "1-0"]
[WhiteElo "2144"]
[BlackElo "1879"]
[PlyCount "65"]
[EventDate "2013.??.??"]

1. c4 Nf6 2. g3 e6 3. Bg2 d5 4. Nf3 c5 5. cxd5 exd5 6. d4 Nc6 7. dxc5 Bxc5 8.
O-O O-O 9. Nbd2 Re8 10. Nb3 Bb6 11. Bf4 Qe7 12. Re1 h6 13. Nfd4 Bg4 14. h3 Bd7
15. Rc1 Ne4 16. a3 Rad8 17. Rf1 Qf6 18. Be3 Ne5 19. Nd2 Nxd2 20. Qxd2 Nc4 21.
Qc3 Rc8 22. Qd3 Nxb2 23. Qd2 Nc4 24. Qd3 Nxe3 25. Rxc8 Bxc8 26. fxe3 Qe5 27.
Rf3 Bd7 28. Nc2 g6 29. Kh2 h5 30. Rf4 Bf5 31. Qb5 Bxc2 32. Bxd5 Re7 33. Rxf7
1-0

[Event "Mistrzostwa Malopolski A"]
[Site "Krakow, Hotel Europejski"]
[Date "2013.??.??"]
[Round "4.1"]
[White "Tyukhanov, Alexey"]
[Black "Tokarski, Lukasz"]
[Result "1/2-1/2"]
[WhiteElo "2237"]
[BlackElo "2270"]
[PlyCount "89"]
[EventDate "2013.??.??"]

1. e4 c5 2. Nf3 e6 3. Nc3 a6 4. g3 Nc6 5. Bg2 Nge7 6. O-O d6 7. b3 g6 8. d4 Bg7
9. Ne2 O-O 10. Bb2 b6 11. Qd2 e5 12. dxe5 dxe5 13. Rfd1 Qe8 14. Nc3 Bg4 15. h3
Bxf3 16. Bxf3 Nd4 17. Bg2 Rd8 18. Nd5 Nxd5 19. exd5 e4 20. c3 Nf5 21. Re1 Bh6
22. Qe2 e3 23. Bc1 Qe5 24. g4 Nh4 25. Bxe3 Bg7 26. Bh1 Rfe8 27. Qxa6 Qxc3 28.
Qxb6 Rc8 29. d6 Rxe3 30. fxe3 Qe5 31. Qb7 Qg3+ 32. Kf1 Qxh3+ 33. Bg2 Qxg4 34.
Rad1 Be5 35. Qe4 Qg5 36. Bh3 Rd8 37. d7 h5 38. Re2 Qg3 39. Bg2 Nf5 40. Rd5 f6
41. Qf3 Qh2 42. Qh3 Ng3+ 43. Kf2 Ne4+ 44. Kf1 Ng3+ 45. Kf2 1/2-1/2

[Event "Mistrzostwa Malopolski A"]
[Site "Krakow, Hotel Europejski"]
[Date "2013.??.??"]
[Round "4.1"]
[White "Mikrut, Dariusz"]
[Black "Szuper, Paul"]
[Result "0-1"]
[WhiteElo "2361"]
[BlackElo "2188"]
[PlyCount "158"]
[EventDate "2013.??.??"]

1. d4 e6 2. g3 d5 3. Nf3 Nf6 4. Bg2 b5 5. c3 Nbd7 6. a4 b4 7. O-O Bd6 8. c4 c6
9. a5 Ba6 10. c5 Bc7 11. Re1 O-O 12. Bf4 Rb8 13. Nbd2 Rb5 14. Bxc7 Qxc7 15. Nb3
Rbb8 16. Qc2 Rfe8 17. e3 Ne4 18. Nfd2 f5 19. f3 Nxd2 20. Nxd2 b3 21. Qc3 e5 22.
f4 exf4 23. exf4 Nf6 24. Bf3 Ne4 25. Bxe4 dxe4 26. Ra3 Qf7 27. Rxb3 Qd5 28.
Rxb8 Rxb8 29. Kf2 Qa2 30. b3 Kf8 31. Ke3 Qa3 32. g4 fxg4 33. Ra1 Qb4 34. Qxb4
Rxb4 35. Kxe4 Ke7 36. Rg1 Bc8 37. Kd3 Rb5 38. Ra1 Be6 39. Kc3 Rb8 40. Rf1 Bd5
41. Nc4 Kf6 42. Re1 h5 43. b4 Rh8 44. Ne3 Bf3 45. b5 cxb5 46. d5 h4 47. Rf1 Re8
48. Kd4 Re4+ 49. Kd3 Ra4 50. c6 Ke7 51. Rc1 Kd8 52. d6 Be4+ 53. Ke2 Rd4 54.
Nxg4 Rxd6 55. Ne5 Kc7 56. Ke3 Bxc6 57. Rg1 g6 58. Nxg6 h3 59. Rg3 b4 60. Ne5
Bg2 61. Rg7+ Kb8 62. Nd3 b3 63. Rg5 Bd5 64. Kd4 Be6+ 65. Kc3 Kc7 66. Nc5 Bf7
67. Rg7 Rf6 68. Rg4 Rc6 69. Rg5 Kd6 70. Kd4 b2 71. Ne4+ Kc7 72. Rb5 Rc2 73. Nc3
Bg6 74. Na4 Rd2+ 75. Kc3 Rc2+ 76. Kd4 Rxh2 77. Nxb2 Rf2 78. Rb3 Bf5 79. Rc3+
Kd8 0-1

[Event "Mistrzostwa Malopolski A"]
[Site "Krakow, Hotel Europejski"]
[Date "2013.??.??"]
[Round "4.3"]
[White "Jakubiec, Edyta"]
[Black "Barski, Radoslaw"]
[Result "0-1"]
[WhiteElo "2237"]
[BlackElo "2238"]
[PlyCount "56"]
[EventDate "2013.??.??"]

1. d4 Nf6 2. Nf3 g6 3. Bf4 Bg7 4. e3 d6 5. h3 O-O 6. Be2 Nfd7 7. c4 e5 8. Bh2
Nc6 9. Nc3 f5 10. a3 a5 11. O-O g5 12. d5 Ncb8 13. b4 h5 14. Nd2 g4 15. hxg4
hxg4 16. e4 axb4 17. axb4 Rxa1 18. Qxa1 Qg5 19. Qd1 Bh6 20. Ndb1 Nf6 21. exf5
Bxf5 22. c5 Rf7 23. cxd6 cxd6 24. f4 Qh5 25. Bd3 e4 26. Bc2 Rh7 27. Qe2 g3 28.
Bxg3 Ng4 0-1

[Event "Mistrzostwa Malopolski A"]
[Site "Krakow, Hotel Europejski"]
[Date "2013.??.??"]
[Round "4.4"]
[White "Mucha, Roman"]
[Black "Jakubiec, Artur"]
[Result "1/2-1/2"]
[WhiteElo "2177"]
[BlackElo "2531"]
[PlyCount "48"]
[EventDate "2013.??.??"]

1. d4 d6 2. c4 e5 3. Nf3 e4 4. Ng5 f5 5. g3 h6 6. Nh3 g5 7. f4 exf3 8. exf3
Qe7+ 9. Be2 f4 10. Nf2 Nc6 11. d5 Ne5 12. O-O Bd7 13. Nc3 Nf6 14. Nfe4 Nxe4 15.
Nxe4 O-O-O 16. gxf4 gxf4 17. Bxf4 Bh3 18. Rf2 Rg8+ 19. Bg3 h5 20. Qd4 b6 21.
Kh1 Bg7 22. Qe3 Ng6 23. Qg5 Bxb2 24. Rb1 Qg7 1/2-1/2

[Event "Mistrzostwa Malopolski A"]
[Site "Krakow, Hotel Europejski"]
[Date "2013.??.??"]
[Round "4.5"]
[White "Shilov, Sergej"]
[Black "Watorek, Marcin"]
[Result "1/2-1/2"]
[WhiteElo "2217"]
[BlackElo "2109"]
[PlyCount "35"]
[EventDate "2013.??.??"]

1. d4 d5 2. c4 c6 3. Nf3 Nf6 4. e3 Bf5 5. cxd5 cxd5 6. Qb3 Qc7 7. Nc3 e6 8. Bd2
Nc6 9. Ne5 Be7 10. Rc1 O-O 11. Be2 Rfc8 12. O-O Qb6 13. Nxc6 Rxc6 14. Bb5 Rcc8
15. Na4 Qd8 16. Be2 Ne4 17. Bb4 a5 18. Rb1 1/2-1/2

[Event "Mistrzostwa Malopolski A"]
[Site "Krakow, Hotel Europejski"]
[Date "2013.??.??"]
[Round "4.6"]
[White "Kumor, Lukasz"]
[Black "Kyc, Jerzy"]
[Result "1/2-1/2"]
[WhiteElo "2120"]
[BlackElo "1880"]
[PlyCount "71"]
[EventDate "2013.??.??"]

1. e4 c5 2. Nf3 d6 3. d4 cxd4 4. Nxd4 Nf6 5. Nc3 a6 6. Be2 e5 7. Nb3 Be6 8. O-O
Nbd7 9. f4 exf4 10. Bxf4 Be7 11. Qd4 Qc7 12. Rad1 Ne5 13. Bg5 Rd8 14. Kh1 O-O
15. Qd2 b5 16. a3 Kh8 17. Nd4 Qb7 18. Nf5 Nxe4 19. Nxe4 Bxf5 20. Rxf5 Qxe4 21.
Bxe7 Qxf5 22. Bxf8 Rxf8 23. Qxd6 Re8 24. Qxa6 Qxc2 25. Qxb5 Nc6 26. Re1 h6 27.
Kg1 Re5 28. Qa6 Qd2 29. Rf1 Qxe2 30. Qxc6 Qxb2 31. a4 Qd4+ 32. Kh1 Ra5 33. Qe8+
Kh7 34. Qxf7 Qxa4 35. h3 Qe4 36. Qf3 1/2-1/2

[Event "Mistrzostwa Malopolski A"]
[Site "Krakow, Hotel Europejski"]
[Date "2013.??.??"]
[Round "4.7"]
[White "Gawronski, Lukasz"]
[Black "Betkowski, Andrzej"]
[Result "0-1"]
[WhiteElo "2063"]
[BlackElo "2088"]
[PlyCount "80"]
[EventDate "2013.??.??"]

1. f4 d5 2. Nf3 Bg4 3. e3 Nc6 4. Be2 Bxf3 5. Bxf3 e5 6. c4 e4 7. Be2 d4 8. d3
Bb4+ 9. Bd2 Qh4+ 10. g3 Qe7 11. O-O exd3 12. Bxd3 Bxd2 13. Qxd2 dxe3 14. Qg2
O-O-O 15. Be4 Qc5 16. Nc3 Nf6 17. b4 Qxc4 18. Bf5+ Kb8 19. Rfc1 Rd2 20. Qf3 e2
21. Ne4 Qd4+ 22. Kh1 Rd3 23. Qxe2 Re3 24. Qc2 Nxe4 25. b5 Qd5 26. Bxe4 Rxe4 27.
Qg2 Ne7 28. Rd1 Qe6 29. Rac1 Re2 30. Qf3 Qe4 31. Qxe4 Rxe4 32. Rd7 Rc8 33. Kg2
c6 34. Kf3 Re6 35. b6 axb6 36. f5 Nxf5 37. Rxf7 Rf6 38. Rd7 Re8 39. Rdd1 Kc8
40. Rd2 Ne3+ 0-1

[Event "Mistrzostwa Malopolski A"]
[Site "Krakow, Hotel Europejski"]
[Date "2013.??.??"]
[Round "4.8"]
[White "Molenda, Marcin"]
[Black "Bus, Konrad"]
[Result "1/2-1/2"]
[WhiteElo "1823"]
[BlackElo "2077"]
[PlyCount "117"]
[EventDate "2013.??.??"]

1. e4 c6 2. c4 d5 3. exd5 cxd5 4. cxd5 Qxd5 5. Nc3 Qd8 6. d4 e6 7. Nf3 Nf6 8.
Bc4 Be7 9. O-O O-O 10. Ne5 Nc6 11. Nxc6 bxc6 12. Be3 Nd5 13. Ne4 Qb6 14. Qb3
Ba6 15. Qxb6 axb6 16. Bxa6 Rxa6 17. Rfc1 f5 18. Nc3 Nxc3 19. Rxc3 b5 20. Rac1
f4 21. Bd2 Bb4 22. R3c2 Bxd2 23. Rxd2 Rxa2 24. h4 Ra6 25. Rdc2 Rd8 26. Re1 Rxd4
27. Rxe6 Rd1+ 28. Kh2 Raa1 29. g4 Rh1+ 30. Kg2 Rxh4 31. Kf3 Rh3+ 32. Kxf4 Ra4+
33. Re4 Rxe4+ 34. Kxe4 Rb3 35. Rxc6 Rxb2 36. Kf3 h6 37. Rb6 b4 38. Rb7 b3 39.
Kg3 Rb1 40. Kf3 Rh1 41. Kg2 Rb1 42. Kf3 Kh7 43. Rb6 b2 44. Kg2 Kg8 45. Rb7 Kf8
46. Kf3 Ke8 47. Rb8+ Ke7 48. Rb7+ Kd6 49. Rb6+ Kc5 50. Rb8 g6 51. Rc8+ Kd4 52.
Rd8+ Kc3 53. Rc8+ Kd2 54. Rb8 Ke1 55. Kg2 Ke2 56. Rb6 Kd3 57. Kf3 Kd4 58. Rb8
Ke5 59. Rb7 1/2-1/2

[Event "Mistrzostwa Malopolski A"]
[Site "Krakow, Hotel Europejski"]
[Date "2013.??.??"]
[Round "4.9"]
[White "Kondopoulos, Dimitrios"]
[Black "Klementys, Jerzy"]
[Result "1-0"]
[WhiteElo "2031"]
[BlackElo "1800"]
[PlyCount "91"]
[EventDate "2013.??.??"]

1. e4 c5 2. Nf3 d6 3. d4 cxd4 4. Nxd4 Nf6 5. Nc3 a6 6. Be3 e5 7. Nf3 Be7 8. Bc4
Nbd7 9. a4 O-O 10. O-O Qc7 11. Qe2 Nc5 12. Bg5 Be6 13. Bxf6 Bxf6 14. Bd5 Rac8
15. Rfd1 Be7 16. Nd2 Nd7 17. Nf1 Nf6 18. Ne3 Rfd8 19. a5 Bf8 20. Ra4 Bxd5 21.
Ncxd5 Nxd5 22. Rxd5 Qd7 23. Rb4 Rc5 24. Qd3 Qc7 25. Nc4 Rc8 26. b3 Rc6 27. h3
Re8 28. Rb6 Re6 29. Qd2 Qe7 30. Qb4 Rxb6 31. Qxb6 Rg6 32. Qe3 Qe6 33. Qd3 Be7
34. b4 h5 35. b5 Qf6 36. bxa6 bxa6 37. Ne3 Qf4 38. Nf5 Qc1+ 39. Qf1 Qg5 40. h4
Qf6 41. Qxa6 Bf8 42. Qa8 Qe6 43. a6 Qd7 44. a7 Re6 45. Qb8 Re8 46. a8=Q 1-0